000 00233nam a22000857a 4500
999 _c4328
_d4328
008 161130b xxu||||| |||| 00| 0 eng d
020 _a978001063006
100 _91616
_aTickoo, M.L
245 _aReader- Teacher's Edition v
260 _aNew Delhi
_bOrient Longman Publication
_c2007